000 00346 a2200145 4500
001 164179
020 _a
040 _cMagnum
100 _aHewavisenti, Lakshmi
240 1 0 _aMatematica divertida: resolvendo problemas
_lpor
245 1 0 _aMatematica divertida: resolvendo problemas
362 0 _a1899
697 _aPARADIDATICO
942 _cBK
999 _c164179
_d164179